| 000 | 00414nam a2200181Ia 4500 | ||
|---|---|---|---|
| 005 | 20250423095423.0 | ||
| 008 | 250422s9999 xx 000 0 und d | ||
| 020 | _a0-446-51406-3 | ||
| 050 | _aPS3568.1597F76 | ||
| 100 | _aAlexandra Ripley | ||
| 245 | 0 | _aFrom Fields of Gold | |
| 260 | _aUSA | ||
| 260 | _bA Time Warner Company | ||
| 260 | _c1995 | ||
| 300 | _a467 p | ||
| 650 | _aLiterature | ||
| 942 | _cBK | ||
| 999 |
_c30224 _d30224 |
||